Communication for development in the third world theory and practice for empowerment

Na minha lista:
Detalhes bibliográficos
Autor principal: Melkote, Srinivas R.
Outros Autores: Steeves, H. Leslie
Formato: Livro
Idioma:inglês
Publicado em: New Delhi SAGE Publications 2001
Edição:2nd ed.
Assuntos:
Tags: Adicionar Tag
Sem tags, seja o primeiro a adicionar uma tag!

MARC

LEADER 00000nam$a2200000$$$4500
001 0042361
005 20240306135141.0
020 |a 0-7619-9476-9 
041 0 |a eng 
044 |a US 
245 1 0 |a Communication for development in the third world  |b theory and practice for empowerment  |c Srinivas R. Melkote, H. Leslie Steeves 
250 |a 2nd ed. 
264 1 |a New Delhi  |b SAGE Publications  |c 2001 
300 |a 422 s. 
610 2 0 |a komunikácia 
610 2 0 |a krajiny rozvojové 
610 2 0 |a rozvoj hospodársky 
610 2 0 |a rozvoj sociálno-ekonomický 
100 1 |a Melkote, Srinivas R. 
700 1 |a Steeves, H. Leslie